|
|
|
|
| LEADER |
00807nab a2200229 i 4500 |
| 001 |
misc60848 |
| 005 |
20221013103129.0 |
| 008 |
220329s1937 hu o 0|| hun d |
| 040 |
|
|
|a SZTE Miscellanea Repozitórium
|b hun
|
| 041 |
|
|
|a hun
|
| 100 |
1 |
|
|a Gunda Béla
|
| 245 |
1 |
0 |
|a Franić, Ivo T.
|h [elektronikus dokumentum] :
|b Hrvatsko primorje I. Meja i Praputnjak. Zagreb, 1937 : könyvismertetés /
|c Gunda Béla
|
| 260 |
|
|
|a [Egyetemi Ny.]
|b [Budapest]
|c 1937
|
| 300 |
|
|
|a 496-497
|c 25 cm
|
| 490 |
0 |
|
|a Ethnographia-Népélet
|
| 561 |
|
|
|a Németh Gyula hagyaték
|
| 591 |
|
|
|a NOV 2049
|
| 650 |
|
4 |
|a Társadalomtudományok
|
| 650 |
|
4 |
|a Szociológia
|
| 695 |
|
|
|a Néprajz - könyvismertetés
|
| 700 |
0 |
1 |
|a Franic Ivo
|
| 856 |
4 |
0 |
|u http://misc.bibl.u-szeged.hu/60848/1/2049_nov_g74_03.pdf
|z Dokumentum-elérés
|